Words for Religious Structures - Statistics

General Stats
  • This quiz has been taken 50 times
  • The average score is 9 of 20
Answer Stats
# Description Answer % Correct
1 Common place for Christian worship Church
100%
16 Common place for Muslim worship Mosque
85%
4 Where a bishop serves Cathedral
83%
15 Building devoted to a God or a Goddess Temple
80%
14 Common place for Jewish worship Synagogue
78%
7 Where a community of monks live Monastery
76%
2 Like #1, but smaller Chapel
73%
8 Where a community of nuns live Nunnery
59%
5 Where an abbot serves Abbey
51%
6 Like #1, but dignified by the Pope Basilica
46%
9 Alternative for #8 Convent
39%
3 Underground vault in #1 Crypt
24%
18 Tiered tower of Buddhism Pagoda
24%
19 Like #18, but with a dome-shaped base Stupa
15%
11 Italian equivalent of #4 Duomo
7%
12 Small room used for Christian prayers Oratory
5%
20 Buddhist equivalent of #7 (hint: three letters) Wat
5%
10 English equivalent of #4 Minster
2%
13 Small building that serves to ward off a curse; often found in Spain Conjuratory
0%
17 Hindu equivalent of #15 Mandir
0%
No matching quizzes found
Score Distribution
Percent of People with Each Score
Percentile by Number Answered
Your Score History
You have not taken this quiz